Tilastot visalle Suomen kunnanvaakunoita #3

Klikkaa tästä pelataksesi tätä visaa!

Yleistilastot

  • Tätä visaa on pelattu 65 kertaa
  • Keskiarvotulos 8 / 15

Vastaustilastot

Vastaus% Oikein
Lappeenranta
89%
Laukaa
75%
Maarianhamina
68%
Tuusula
68%
Nivala
61%
Toivakka
59%
Heinävesi
48%
Ulvila
45%
Alavieska
43%
Kaskinen
36%
Luhanka
36%
Utajärvi
36%
Ranua
34%
Sievi
30%
Uurainen
25%

Tulosjakauma

Persentiili vastausten määrän mukaan

Jokaisen tuloksen saaneiden osuus

Tuloshistoriasi

Et ole pelannut tätä visaa